Leyes N§ 18.876 a 18.900 aprobadas bajo la Constitución de 1980

Uloženo v:
Podrobná bibliografie
Médium: Kniha
Jazyk:španělština
Vydáno: Santiago Jurídica de Chile 1990
Edice:Textos Legales, 117
Témata:
Tagy: Přidat tag
Žádné tagy, Buďte první, kdo vytvoří štítek k tomuto záznamu!

MARC

LEADER 00000nam a2200000 a 4500
001 UCR0808
003 CL-VaPUC
008 971205e19900000CL |||||||||||||||||spa|d
082 0 4 |a 348.022  |b LEY  |2 21 
245 1 0 |a Leyes N§ 18.876 a 18.900 aprobadas bajo la Constitución de 1980 
300 |a 405 p 
942 |c BK 
945 |d 19971205 00:00:00  |a lriquelm 
260 |a Santiago  |b Jurídica de Chile  |c 1990 
650 7 |a LEGISLACION  |2 CL-VaPUC  |9 397202 
650 0 |a Leyes  |9 256670 
650 7 |a FUENTES  |2 CL-VaPUC  |9 255666 
650 7 |a DERECHO CHILENO  |2 CL-VaPUC  |9 397203 
650 7 |a DECRETO CON FUERZA DE LEY  |2 CL-VaPUC  |9 358086 
651 7 |a CHILE  |2 CL-VaPUC  |9 397204 
583 |a last modification  |c 19971205 00:00:00  |k Rodrigo Vera 
490 0 |a Textos Legales, 117 
999 |c 264306  |d 264304